Marine biology / (Record no. 271)

MARC details
000 -LEADER
fixed length control field 00569cam a22001694a 4500
020 ## - INTERNATIONAL STANDARD BOOK NUMBER
ISBN 9780072830644
050 00 - CALL NUMBER
Classification number QH91
Item number .C37 CAS
100 1# - AUTHOR
Personal name Castro, Peter.
245 10 - TITLE
Title Marine biology /
Statement of responsibility, etc Peter Castro, Michael E. Huber ; original artwork by William Ober and Claire Garrison.
250 ## - EDITION
Edition statement 6th ed.
260 ## - PUBLICATION INFORMATION
Place of publication New York :
Name of publisher McGraw-Hill Higher Education,
Year of publication c2007.
300 ## - DESCRIPTION
Number of Pages xix, 460 p.:
Other physical details ill. (chiefly col.), col. maps ;
Dimensions 29 cm.
500 ## - NOTES
General note INCLUDES BIBLIOGRAPHIC REFERENCE AND INDEX
650 #0 - SUBJECTS
Topical Term Marine biology.
700 1# - OTHER AUTHORS
Personal name Huber, Michael E.
942 ## - ADDED ENTRY ELEMENTS (KOHA)
Koha item type Books
Holdings
Withdrawn status Lost status Home library Current library Date acquired Full call number Accession Number Koha item type
    Methodist University Library Wenchi Faculty Methodist University Library Wenchi Faculty 18/10/2017 QH91 .C37 CAS 29794 Books
    Methodist University Library Wenchi Faculty Methodist University Library Wenchi Faculty 18/10/2017 QH91 .C37 CAS 29795 Books
    Methodist University Library Wenchi Faculty Methodist University Library Wenchi Faculty 18/10/2017 QH91 .C37 CAS 29796 Books
    Methodist University Library Wenchi Faculty Methodist University Library Wenchi Faculty 18/10/2017 QH91 .C37 CAS 29797 Books
    Methodist University Library Wenchi Faculty Methodist University Library Wenchi Faculty 18/10/2017 QH91 .C37 CAS 29786 Books
Copyright © 2026  MUG Library